Kraje europejskie — wpisz pierwszą literę - Statystyki

Ogólne statystyki
  • Ten quiz został rozwiązany 505 razy
  • Średni wynik to 31 z 45
Odpowiedzi na mapie
Odpowiedzi zakodowano w zielono-czerwonej skali na mapie do tego quizu, zgodnie z poniższymi procentami.
 
Statystyki odpowiedzi
kraj % Poprawnych
Finlandia
73%
Malta
73%
Polska
72%
San Marino
72%
Estonia
71%
Łotwa
71%
Węgry
71%
Włochy
71%
Białoruś
70%
Chorwacja
70%
Czechy
70%
Grecja
70%
Norwegia
70%
Rosja
70%
Słowacja
70%
Belgia
69%
Bośnia i Hercegowina
69%
Dania
69%
Islandia
69%
Litwa
69%
Luksemburg
69%
Ukraina
69%
Watykan
69%
Austria
68%
Francja
68%
Hiszpania
68%
Mołdawia
68%
Rumunia
68%
Serbia
68%
Szwecja
68%
Albania
67%
Andora
67%
Bułgaria
67%
Czarnogóra
67%
Holandia
67%
Niemcy
67%
Słowenia
67%
Szwajcaria
67%
Wielka Brytania
67%
Irlandia
66%
Kosowo
66%
Liechtenstein
66%
Macedonia Północna
66%
Portugalia
66%
Monako
62%
Nie znaleziono quizów pasujących do podanych kryteriów
Rozkład punktacji
Procent ludzi z każdym wynikiem
Percentyl według liczby udzielonych odpowiedzi
Twoja historia wyników
Nie rozwiązałeś tego quizu